| 000 | 00950nam a22002417a 4500 | ||
|---|---|---|---|
| 999 |
_c3904 _d3904 |
||
| 003 | AR-CdUCM | ||
| 008 | 190307b ||||| |||| 00| 0 spa d | ||
| 040 |
_aMUNICIPALIDAD PROVINCIAL DEL CUSCO _cBIBLIOTECA MUNICIPAL DEL CUSCO |
||
| 041 | _heng. | ||
| 082 |
_a342.5 / _bR77 |
||
| 100 |
_aRonning, C. Neale _912522 |
||
| 110 |
_aUnión Tip. Edit. Hispano Americana _912523 |
||
| 245 | _aDerecho y política en la diplomacia interamericana / | ||
| 260 |
_aMéxico, D.F : _bEdit. Rabasa, _c1965. |
||
| 300 |
_a244 paginas ; _c17 cm. |
||
| 505 | _aContenido :El derecho, la política y el reconocimiento de los gobiernos --El trato a los extranjeros y sus prioridades --Intervención,derecho internacional y el sistema interamericano ... | ||
| 650 |
_aDerecho internacional _95497 |
||
| 650 |
_aHistoria _9136 |
||
| 650 |
_aRelaciones exteriores _94428 |
||
| 700 |
_aFrancisco Navarro (traductor) _912524 |
||
| 942 |
_2ddc _cLIBROS |
||
| 945 | _arjall | ||